000 01004nam0a2200313 4500
001 RU\NLR\bibl\111574
005 20250617092348.0
010 _a5-237-05005-0
_910000
021 _aRU
_b2000-23017
_91090
035 _a(NLR Aleph) 000109218
090 _a619163
_c619163
100 _a20001005d2000 |||y0rusy50 ca
101 1 _arus
_cger
102 _aRU
105 _aa |||||||||
200 1 _aКарма и Таро
_eКарм. Таро
_fБ.А. Мертц
_g[Пер. с нем. Г. Степановой]
210 _aМ.
_cАСТ
_d2000
215 _a229, [5] с.
_cил.
_d20
300 _aНа обл. авт. не указан
606 0 _aТаро
_92073672
_3RU\NLR\auth\661248597
686 _aЭ391.215
700 1 _aМертц
_bБ. А.
_gБернд А.
_4070
801 0 _aRU
_bNLR
_c20001005
_gPSBO
801 1 _aRU
_bNLR
_c20001005
852 _aNLR
_j2000-3/11013
942 _cBOOK
980 _aNB